[Event "I Festival Steinitz A"]
[Site "Roma ITA"]
[Date "2002.07.07"]
[Round "4"]
[White "Benocci, Umiliano"]
[Black "Marta, Daniele"]
[Result "0-1"]
[WhiteElo "1492"]
[BlackElo "2014"]
[PlyCount "138"]
[EventDate "2002.07.05"]

1. d4 Nf6 2. c4 g6 3. Nc3 Bg7 4. e4 d6 5. Be2 O-O 6. Bg5 c5 7. d5 Na6 8. Qd2
Nc7 9. Bh6 a6 10. Bxg7 Kxg7 11. a4 Bd7 12. b3 b5 13. f3 bxc4 14. Bxc4 e6 15.
Nge2 exd5 16. Nxd5 Ncxd5 17. exd5 a5 18. O-O Re8 19. Rae1 Ng8 20. Ng3 f5 21.
Rxe8 Bxe8 22. Re1 Bf7 23. Ne2 Qf6 24. Qc3 Ne7 25. Qxf6+ Kxf6 26. Nc3 Re8 27.
Kf2 Nc8 28. Rxe8 Bxe8 29. Ke3 g5 30. f4 h6 31. g3 Nb6 32. Kd3 h5 33. Ke3 Nc8
34. fxg5+ Kxg5 35. Be2 Ne7 36. h4+ Kf6 37. Bf3 Ke5 38. Nb5 Bf7 39. Nc7 Nxd5+
40. Nxd5 Bxd5 41. Bxh5 Bxb3 42. Be8 Kf6 43. Kd2 Bf7 44. Bb5 Bh5 45. Ke3 Ke5 46.
Bd7 d5 47. Bb5 c4 48. Kd2 f4 49. gxf4+ Kxf4 50. Kc3 Bf7 51. Kd4 Kg4 52. h5 Kxh5
53. Bd7 Kg5 54. Bb5 Kf6 55. Bd7 Ke7 56. Bg4 Kd6 57. Bd1 Bg6 58. Bf3 Be4 59. Bd1
Ke6 60. Bg4+ Kf6 61. Bd7 Kg5 62. Bh3 Kf4 63. Bd7 Kf3 64. Kc3 Ke3 65. Bg4 Bd3
66. Bh5 d4+ 67. Kb2 Kd2 68. Bf7 c3+ 69. Ka1 c2 0-1

[Event "I Festival Steinitz A"]
[Site "Roma ITA"]
[Date "2002.07.07"]
[Round "4"]
[White "Betori, Alessandro"]
[Black "Marino, Massimo"]
[Result "0-1"]
[WhiteElo "1500"]
[BlackElo "1966"]
[PlyCount "50"]
[EventDate "2002.07.05"]

1. e4 e6 2. d3 d5 3. Nd2 Nf6 4. Ngf3 b6 5. g3 Be7 6. Bg2 dxe4 7. dxe4 Ba6 8. e5
Nd5 9. c4 Nb4 10. O-O Bb7 11. a3 Nd3 12. Qe2 O-O 13. Ne4 Nxc1 14. Raxc1 Nd7 15.
Rfd1 Qc8 16. Bh3 h6 17. g4 a5 18. Rc3 Bxe4 19. Qxe4 Nc5 20. Qf4 Rd8 21. Nd4 Na4
22. Rf3 Rf8 23. Rd2 Bg5 24. Nc6 Bxf4 25. Ne7+ Kh8 0-1

[Event "I Festival Steinitz A"]
[Site "Roma ITA"]
[Date "2002.07.07"]
[Round "4"]
[White "Bolla, Vittorio"]
[Black "Sacchini, Marco"]
[Result "0-1"]
[WhiteElo "1603"]
[BlackElo "2047"]
[PlyCount "50"]
[EventDate "2002.07.05"]

1. e4 g6 2. Nc3 Bg7 3. b3 d6 4. Bb2 e5 5. Nf3 Nf6 6. d4 exd4 7. Nxd4 O-O 8. Qd2
Re8 9. O-O-O Nxe4 10. Nxe4 Rxe4 11. f3 Re8 12. g4 Qh4 13. g5 Nc6 14. Bc4 Nxd4
15. Bxd4 Bxd4 16. Qxd4 Qxg5+ 17. f4 Qh4 18. Qd2 Bf5 19. Rhg1 Rad8 20. Rg5 d5
21. Be2 Rd6 22. Rxf5 gxf5 23. Rg1+ Rg6 24. Rg5 Rxg5 25. fxg5 Qxh2 0-1

[Event "I Festival Steinitz A"]
[Site "Roma ITA"]
[Date "2002.07.07"]
[Round "4"]
[White "Bonafede, Alvise"]
[Black "Ferraguto, Andrea"]
[Result "0-1"]
[WhiteElo "1518"]
[BlackElo "1597"]
[PlyCount "84"]
[EventDate "2002.07.05"]

1. e4 c5 2. d4 cxd4 3. c3 dxc3 4. Nxc3 Nc6 5. Nf3 d6 6. h3 Nf6 7. Bg5 e6 8. Bc4
Be7 9. Qe2 O-O 10. O-O a6 11. a3 b5 12. Ba2 Bb7 13. Rfd1 Qb8 14. b4 h6 15. Bf4
e5 16. Be3 Nd8 17. Bc1 Qc7 18. Bb2 Rc8 19. g4 Ne6 20. Qe3 Nf4 21. Kh2 h5 22. g5
Qd7 23. Nxe5 Qxh3+ 24. Qxh3 Nxh3 25. gxf6 Bxf6 26. Kxh3 Bxe5 27. Rac1 Bf4 28.
Ra1 Be5 29. Rdc1 Bf4 30. Rc2 Bxe4 31. Re2 Bf5+ 32. Kg2 Be5 33. Nd1 Bxb2 34.
Rxb2 Rfe8 35. Rd2 d5 36. Bxd5 Rcd8 37. Raa2 Rxd5 38. Ne3 Rxd2 39. Rxd2 Be6 40.
Rd6 Ra8 41. f4 Kf8 42. Rb6 h4 0-1

[Event "I Festival Steinitz A"]
[Site "Roma ITA"]
[Date "2002.07.07"]
[Round "4"]
[White "Braschi, Giancarlo"]
[Black "Turturici, Pellegrino"]
[Result "1-0"]
[WhiteElo "2124"]
[BlackElo "1746"]
[PlyCount "77"]
[EventDate "2002.07.05"]

1. d4 d5 2. c4 e6 3. Nc3 Nf6 4. cxd5 exd5 5. Bg5 Be7 6. e3 Nbd7 7. Bd3 O-O 8.
Qc2 h6 9. Bf4 a6 10. Nf3 c5 11. dxc5 Nxc5 12. O-O Nxd3 13. Qxd3 b5 14. Rac1 Bb7
15. Rfd1 Rc8 16. Nd4 Ne4 17. Nf5 Nxc3 18. Rxc3 Bf6 19. Rxc8 Bxc8 20. b3 Qa5 21.
Bd6 Bxf5 22. Qxf5 Rd8 23. b4 Qxa2 24. Bc7 Qb3 25. Rb1 g6 26. Rxb3 gxf5 27. Bxd8
Bxd8 28. Kf1 f4 29. Ke2 fxe3 30. fxe3 Bc7 31. h3 Kg7 32. Kd3 a5 33. bxa5 Bxa5
34. Rxb5 Bd8 35. Rxd5 Bf6 36. Ke4 Bc3 37. Kf5 Bb2 38. e4 Kf8 39. Rd7 1-0

[Event "I Festival Steinitz A"]
[Site "Roma ITA"]
[Date "2002.07.07"]
[Round "4"]
[White "Campatelli, Giovanni"]
[Black "Tamburrini, Andrea"]
[Result "1-0"]
[WhiteElo "1506"]
[BlackElo "1377"]
[PlyCount "47"]
[EventDate "2002.07.05"]

1. e4 e5 2. Nf3 Nc6 3. Bb5 a6 4. Ba4 Nf6 5. O-O b5 6. Bb3 Bc5 7. c3 d6 8. d4
exd4 9. cxd4 Bb6 10. Nc3 O-O 11. h3 h6 12. Re1 Re8 13. a3 Bb7 14. Qd3 Qe7 15.
e5 dxe5 16. Qg6 Kh8 17. Bxf7 Rf8 18. Ba2 Rae8 19. dxe5 Nxe5 20. Rxe5 Qd6 21.
Rxe8 Nxe8 22. Qxd6 Nxd6 23. Bd5 Ba5 24. Bxb7 1-0

[Event "I Festival Steinitz A"]
[Site "Roma ITA"]
[Date "2002.07.07"]
[Round "4"]
[White "Campomori, Bruno"]
[Black "Tacchi, Fabio"]
[Result "1-0"]
[WhiteElo "1832"]
[BlackElo "1771"]
[PlyCount "107"]
[EventDate "2002.07.05"]

1. e4 d6 2. d4 Nf6 3. Nc3 e5 4. Nf3 Nbd7 5. Bc4 Be7 6. O-O O-O 7. h3 c6 8. Bb3
Qc7 9. Be3 b5 10. a3 a5 11. d5 Bb7 12. Nd2 b4 13. dxc6 Bxc6 14. axb4 axb4 15.
Rxa8 Rxa8 16. Nd5 Nxd5 17. exd5 Bb7 18. Qg4 Nf6 19. Qxb4 Bxd5 20. Bxd5 Nxd5 21.
Qe4 Ra5 22. c3 Nf6 23. Qc4 Qb7 24. b4 d5 25. Qe2 Ra2 26. Qf3 h6 27. Rd1 Qc7 28.
Nb1 e4 29. Qf5 Rb2 30. Bd4 Qc4 31. Bxf6 Bxf6 32. Rf1 Ra2 33. b5 Qc5 34. Qd7 Rb2
35. Qc6 Qxb5 36. Qc8+ Kh7 37. Qf5+ g6 38. Qxf6 Qb7 39. Na3 Rb6 40. Qd4 Rb3 41.
Nc2 Qc6 42. Ne3 Rb5 43. Ra1 Rb8 44. Ng4 h5 45. Nf6+ Kh6 46. Qe3+ g5 47. Nxd5
Qxd5 48. Ra6+ f6 49. h4 Rb1+ 50. Kh2 Qe5+ 51. g3 Rb8 52. hxg5+ Kg6 53. Rxf6+
Qxf6 54. gxf6 1-0

[Event "I Festival Steinitz A"]
[Site "Roma ITA"]
[Date "2002.07.07"]
[Round "4"]
[White "Caprioli, Fabrizio"]
[Black "Carbone, Stefano"]
[Result "0-1"]
[WhiteElo "1566"]
[BlackElo "1500"]
[PlyCount "98"]
[EventDate "2002.07.05"]

1. d4 Nf6 2. c4 e6 3. Nc3 Bb4 4. a3 Bxc3+ 5. bxc3 b6 6. Bg5 O-O 7. e3 d6 8. Bd3
Bb7 9. Nf3 Nbd7 10. Qc2 Qc8 11. O-O Re8 12. e4 e5 13. Rfe1 a5 14. Rab1 Rb8 15.
Nd2 Ra8 16. a4 Ba6 17. f3 Nh5 18. Rb2 h6 19. Be3 g5 20. Reb1 Nf4 21. Bxf4 gxf4
22. Nb3 Kh8 23. c5 bxc5 24. dxc5 Bxd3 25. Qxd3 Nxc5 26. Nxc5 dxc5 27. Qd5 f6
28. Qxc5 Qd7 29. Rb7 Rac8 30. Qxa5 Rg8 31. Qd5 Qh3 32. Qd2 Qxf3 33. a5 Qxe4 34.
a6 Ra8 35. a7 Rxa7 36. R7b4 Qe3+ 37. Qxe3 fxe3 38. Re1 Ra2 39. g3 e2 40. Re4
Rd8 41. R4xe2 Rxe2 42. Rxe2 Rd1+ 43. Kf2 Rc1 44. Re3 Rc2+ 45. Kf3 Rxh2 46. Ke4
Rd2 47. Rf3 Kg7 48. Ke3 Rc2 49. Ke4 Kg6 0-1

[Event "I Festival Steinitz A"]
[Site "Roma ITA"]
[Date "2002.07.07"]
[Round "4"]
[White "Cardinali, Egidio"]
[Black "Dentale, Enrico"]
[Result "0-1"]
[WhiteElo "1546"]
[BlackElo "1483"]
[PlyCount "98"]
[EventDate "2002.07.05"]

1. e4 d5 2. exd5 Nf6 3. d6 Qxd6 4. Nc3 e5 5. Nf3 e4 6. Qe2 Qe7 7. Ng5 Nc6 8.
Qe3 h6 9. Ngxe4 Nxe4 10. Qxe4 Qxe4+ 11. Nxe4 Bf5 12. f3 Nb4 13. Bb5+ c6 14. Ba4
O-O-O 15. a3 Nd5 16. d3 Bd6 17. Bd2 Rhe8 18. O-O-O Bf4 19. g3 Bc7 20. Rde1 f6
21. Bb3 b6 22. Re2 Bg6 23. Rhe1 Re5 24. f4 Re6 25. Nf2 Rxe2 26. Rxe2 Bh5 27.
Re1 Rd7 28. c4 Ne7 29. g4 Bg6 30. c5 Nd5 31. f5 Bf7 32. Kc2 Bxh2 33. Ne4 Be5
34. Nc3 bxc5 35. Na4 Bd4 36. Bc4 Kb7 37. b4 cxb4 38. axb4 Kc7 39. b5 cxb5 40.
Bxb5 Re7 41. Ba5+ Bb6 42. Bxb6+ axb6 43. Rxe7+ Nxe7 44. Nc3 Nc6 45. Bxc6 Kxc6
46. Ne4 h5 47. g5 Bd5 48. g6 Bxe4 49. dxe4 Kd6 0-1

[Event "I Festival Steinitz A"]
[Site "Roma ITA"]
[Date "2002.07.07"]
[Round "4"]
[White "Chiaretti, Roberto"]
[Black "Djuric, Stefan"]
[Result "0-1"]
[WhiteElo "2199"]
[BlackElo "2484"]
[PlyCount "36"]
[EventDate "2002.07.05"]

1. d4 g6 2. e4 Bg7 3. c3 d6 4. Bd3 e5 5. Nf3 Nc6 6. dxe5 Nxe5 7. Nxe5 dxe5 8.
O-O Nf6 9. f3 O-O 10. Be3 Qe7 11. Na3 Nh5 12. Re1 Nf4 13. Bf1 Be6 14. Qc2 Kh8
15. Bc4 a5 16. Rad1 a4 17. Qf2 Bxc4 18. Nxc4 Qe6 0-1

[Event "I Festival Steinitz A"]
[Site "Roma ITA"]
[Date "2002.07.07"]
[Round "4"]
[White "Clifford, Roby"]
[Black "Balzano, Giuseppe"]
[Result "0-1"]
[WhiteElo "1600"]
[BlackElo "1510"]
[PlyCount "110"]
[EventDate "2002.07.05"]

1. d3 c5 2. Nd2 Nc6 3. e4 e6 4. c3 Nge7 5. Qc2 Ng6 6. Ngf3 Be7 7. g3 b6 8. Bg2
Bb7 9. O-O O-O 10. Re1 d6 11. h4 Rc8 12. Nf1 b5 13. N1h2 b4 14. h5 Nge5 15.
Nxe5 Nxe5 16. f4 Nd7 17. Qe2 bxc3 18. bxc3 Bf6 19. Rb1 Ba6 20. Bd2 Qa5 21. c4
Qxa2 22. e5 dxe5 23. Ra1 Qb2 24. Rxa6 exf4 25. Bxf4 Qd4+ 26. Kh1 e5 27. Nf3 Qc3
28. Bd2 Qc2 29. Rxa7 Rfd8 30. Bh3 Nb6 31. Bxc8 Nxc8 32. Rc7 Qb2 33. Rxc5 Qb7
34. Qe4 Qa7 35. Rxe5 Bxe5 36. Qxe5 h6 37. Qe3 Qd7 38. Kg2 Nd6 39. Ne5 Qb7+ 40.
Kh2 Re8 41. Qf4 Re7 42. c5 Ne8 43. d4 Nf6 44. Qf3 Qc7 45. Bxh6 Qc8 46. Bd2 Qe8
47. c6 Qd8 48. Bg5 Ra7 49. Re2 Qxd4 50. Qc3 Ng4+ 51. Nxg4 Qxg4 52. Re5 Ra2+ 53.
Kg1 Qd1+ 54. Qe1 Qd4+ 55. Kf1 Ra1 0-1

[Event "I Festival Steinitz A"]
[Site "Roma ITA"]
[Date "2002.07.07"]
[Round "4"]
[White "Conflitti, Alessandro"]
[Black "Martines, Rosario"]
[Result "1-0"]
[WhiteElo "1500"]
[BlackElo "1266"]
[PlyCount "77"]
[EventDate "2002.07.05"]

1. e4 e5 2. Nf3 Nc6 3. Nc3 Nf6 4. d4 exd4 5. Nxd4 Nxd4 6. Qxd4 a6 7. Bg5 Be7 8.
Bc4 h6 9. Bh4 b5 10. Bd3 c5 11. Qe3 Qc7 12. Bg3 Qd8 13. O-O Ng4 14. Qd2 h5 15.
Nd5 h4 16. Bc7 Bd6 17. f4 Bxc7 18. e5 c4 19. Be2 Bb6+ 20. Kh1 Nf2+ 21. Rxf2
Bxf2 22. Bf3 Bg3 23. Nf6+ gxf6 24. exf6 Rb8 25. Qe3+ Kf8 26. Qe5 d6 27. Qg5 Rg8
28. Qh6+ Ke8 29. hxg3 Be6 30. Bc6+ Bd7 31. Re1+ Qe7 32. Rxe7+ Kd8 33. Rxd7+ Kc8
34. Rxf7 Rd8 35. Rf8 Kc7 36. Rxd8 Rxd8 37. Bd5 hxg3 38. Qg7+ Kb6 39. f7 1-0

[Event "I Festival Steinitz A"]
[Site "Roma ITA"]
[Date "2002.07.07"]
[Round "4"]
[White "Corvi, Marco"]
[Black "D'Amico, Francesco"]
[Result "1-0"]
[WhiteElo "2288"]
[BlackElo "1600"]
[PlyCount "49"]
[EventDate "2002.07.05"]

1. c4 Nf6 2. Nc3 e6 3. d4 Bb4 4. Qc2 d5 5. Nf3 Ne4 6. e3 Nd7 7. a3 Bxc3+ 8.
bxc3 O-O 9. Bd3 f5 10. O-O c6 11. cxd5 exd5 12. c4 Ndf6 13. Ne5 dxc4 14. Bxc4+
Nd5 15. f3 Nd6 16. e4 fxe4 17. fxe4 Rxf1+ 18. Kxf1 Nxc4 19. Qxc4 b5 20. Qb3 Ba6
21. exd5 b4+ 22. Kg1 Qh4 23. dxc6+ Kh8 24. Nf7+ Kg8 25. Nh6+ 1-0

[Event "I Festival Steinitz A"]
[Site "Roma ITA"]
[Date "2002.07.07"]
[Round "4"]
[White "De Angelis, Massimo"]
[Black "Riondino, Michele"]
[Result "0-1"]
[WhiteElo "1534"]
[BlackElo "1874"]
[PlyCount "46"]
[EventDate "2002.07.05"]

1. e4 e5 2. Nf3 Nc6 3. d4 exd4 4. Bc4 Nf6 5. O-O Nxe4 6. Re1 d5 7. Bxd5 Qxd5 8.
Nc3 Qh5 9. Nxe4 Be6 10. Neg5 O-O-O 11. Nxe6 fxe6 12. Rxe6 Bd6 13. Bg5 Bxh2+ 14.
Nxh2 Qxg5 15. Qe2 d3 16. cxd3 Nd4 17. Qe4 Nxe6 18. Qxe6+ Kb8 19. Re1 a6 20. Nf3
Qd5 21. Qxd5 Rxd5 22. d4 Rhd8 23. Rd1 c5 0-1

[Event "I Festival Steinitz A"]
[Site "Roma ITA"]
[Date "2002.07.07"]
[Round "4"]
[White "Del Vecchio, Ausonio"]
[Black "Dinacci, Fabrizio"]
[Result "1/2-1/2"]
[WhiteElo "1389"]
[BlackElo "1500"]
[PlyCount "84"]
[EventDate "2002.07.05"]

1. d4 d5 2. c4 e6 3. Nc3 Nf6 4. e3 Be7 5. Nf3 O-O 6. Be2 Nbd7 7. O-O b6 8. cxd5
exd5 9. a3 Re8 10. b4 c6 11. Qb3 Qc7 12. Bb2 a6 13. Na4 Ne4 14. Rac1 b5 15. Nc3
Ndf6 16. Nxe4 Nxe4 17. Qxd5 cxd5 18. Rxc7 Be6 19. Rfc1 Nd6 20. Ne5 Nc4 21. Nxc4
dxc4 22. Bf3 Rab8 23. Bb7 Bd8 24. Rc6 Rxb7 25. Rxa6 h6 26. a4 bxa4 27. Rxa4 Bd7
28. Ra6 Rxb4 29. Ba3 Rb3 30. Bc5 c3 31. f3 Bb5 32. Ra7 Rxe3 33. Ra8 Kh7 34.
Rxd8 Re2 35. h3 c2 36. Kh2 Rb1 37. Ba3 Bd3 38. Rc8 Rd2 39. d5 Rd1 40. d6 Bf5
41. R8xc2 Bxc2 42. Rxc2 Rb8 1/2-1/2

[Event "I Festival Steinitz A"]
[Site "Roma ITA"]
[Date "2002.07.07"]
[Round "4"]
[White "Della Corte, Alessandro"]
[Black "Marzano, Carlo"]
[Result "0-1"]
[WhiteElo "1915"]
[BlackElo "2258"]
[PlyCount "62"]
[EventDate "2002.07.05"]

1. Nf3 d5 2. g3 Nf6 3. Bg2 c6 4. O-O Bg4 5. d3 Nbd7 6. Nbd2 e5 7. e4 Be7 8. Qe2
dxe4 9. dxe4 O-O 10. h3 Bh5 11. g4 Bg6 12. b3 Re8 13. Bb2 Bf8 14. Rad1 Qc7 15.
Nh4 Nc5 16. Nxg6 hxg6 17. Qe3 Ne6 18. Nc4 Nd7 19. Qd2 Rad8 20. Nd6 Re7 21. Ba3
Nb6 22. Qc1 Nd4 23. Kh1 Red7 24. Nc4 Nxc4 25. Bxf8 Kxf8 26. bxc4 Qa5 27. Qb2
Ne6 28. Bf3 Rxd1 29. Bxd1 b6 30. a3 Qc5 31. Qb4 Rd4 0-1

[Event "I Festival Steinitz A"]
[Site "Roma ITA"]
[Date "2002.07.07"]
[Round "4"]
[White "Ermacora, Ilario"]
[Black "Marinelli, Franco"]
[Result "0-1"]
[WhiteElo "1600"]
[BlackElo "1327"]
[PlyCount "106"]
[EventDate "2002.07.05"]

1. e4 c6 2. d4 d5 3. exd5 cxd5 4. c4 e6 5. c5 Nc6 6. Nf3 g6 7. Bg5 Be7 8. Bf4
Nf6 9. Bh6 Bf8 10. Bxf8 Kxf8 11. Nc3 Qa5 12. Bd3 a6 13. O-O Nb4 14. a3 Nxd3 15.
Qxd3 Qc7 16. Ne5 Nd7 17. f4 f5 18. Rae1 Nf6 19. Qh3 Kg7 20. Qh4 Qd8 21. Qf2 Bd7
22. Nxd7 Qxd7 23. h3 Rae8 24. Qe3 Ne4 25. Nxe4 dxe4 26. Qc3 Qd5 27. Rd1 Rc8 28.
Rc1 Rhd8 29. Rfd1 Rd7 30. Rc2 Rg8 31. b4 Rc7 32. Rdc1 Rc6 33. a4 b6 34. Qc4
Qxc4 35. Rxc4 b5 36. axb5 axb5 37. R4c2 Ra8 38. Kf2 Kf7 39. Ke3 Ra4 40. Rb1
Ra3+ 41. Kf2 Rd3 42. Ra1 Rxd4 43. Rb2 Rd7 44. Ra5 Rb7 45. Rba2 Ke7 46. Rd2 h6
47. h4 Kf6 48. Ra8 g5 49. fxg5+ hxg5 50. hxg5+ Kxg5 51. g3 Kf6 52. Ke3 Ke5 53.
Rd4 Rg7 0-1

[Event "I Festival Steinitz A"]
[Site "Roma ITA"]
[Date "2002.07.07"]
[Round "4"]
[White "Evangelisti, Claudio"]
[Black "Simeoni, Matteo"]
[Result "0-1"]
[WhiteElo "2240"]
[BlackElo "2048"]
[PlyCount "56"]
[EventDate "2002.07.05"]

1. e4 e5 2. Nf3 Nc6 3. Bb5 Nge7 4. c3 a6 5. Qa4 axb5 6. Qxa8 d5 7. d3 dxe4 8.
dxe4 Qd3 9. Be3 f5 10. Na3 Qxe4 11. O-O f4 12. Bc5 Qf5 13. Bxe7 Bxe7 14. Nxb5
O-O 15. Qa4 Qg6 16. Kh1 Bf5 17. Rfe1 Bf6 18. Nd2 Qh5 19. Qc4+ Kh8 20. Qe2 Qh6
21. Ne4 Be7 22. Rad1 g5 23. f3 Rg8 24. h3 g4 25. Rg1 Qh5 26. Rdf1 g3 27. Rd1
Bxh3 28. Nxg3 fxg3 0-1

[Event "I Festival Steinitz A"]
[Site "Roma ITA"]
[Date "2002.07.07"]
[Round "4"]
[White "Farina, Saverio"]
[Black "Rossi, Aldo A."]
[Result "1-0"]
[WhiteElo "2104"]
[BlackElo "1713"]
[PlyCount "89"]
[EventDate "2002.07.05"]

1. c4 Nc6 2. Nc3 e5 3. e3 g6 4. d4 Bg7 5. Nf3 d6 6. Be2 Nge7 7. d5 Nb8 8. e4 h6
9. O-O O-O 10. Ne1 a5 11. Be3 b6 12. Qd2 Kh7 13. Rb1 f5 14. exf5 Nxf5 15. Bd3
Nxe3 16. Qxe3 Na6 17. Ne4 Nb4 18. a3 Nxd3 19. Nxd3 Bf5 20. f3 a4 21. g4 Bd7 22.
Rf2 Bf6 23. h4 Bxh4 24. Rh2 Kg7 25. Kg2 Bg5 26. Nxg5 Qxg5 27. Qxg5 hxg5 28.
Rbh1 Rh8 29. Nf2 Rxh2+ 30. Rxh2 Be8 31. Ne4 Bf7 32. Nxg5 Bg8 33. Kg3 Rb8 34.
Rc2 c6 35. Ne4 cxd5 36. cxd5 Bxd5 37. Rc7+ Kh8 38. Nf6 Bg8 39. Rd7 d5 40. Kh4
Rf8 41. Kg5 Bf7 42. Kh6 g5 43. Kxg5 Kg7 44. Nxd5 Rc8 45. Nxb6 1-0

[Event "I Festival Steinitz A"]
[Site "Roma ITA"]
[Date "2002.07.07"]
[Round "4"]
[White "Gorini, Tommaso"]
[Black "Raccah, Ascer"]
[Result "1-0"]
[WhiteElo "1600"]
[BlackElo "1504"]
[PlyCount "67"]
[EventDate "2002.07.05"]

1. e4 e5 2. Nf3 Nf6 3. Nxe5 d6 4. Nf3 Nxe4 5. d4 d5 6. Bd3 Be7 7. h3 Nc6 8. O-O
O-O 9. Re1 Ng5 10. Nbd2 a6 11. c3 Nxf3+ 12. Nxf3 Be6 13. Bf4 h6 14. Ne5 Nxe5
15. dxe5 Bg5 16. Bh2 Qd7 17. f4 Be7 18. Qh5 f5 19. Kh1 Qe8 20. Qe2 c5 21. g4
Qc6 22. Bxf5 Rxf5 23. gxf5 Bxf5 24. Qg2 Be4 25. Rxe4 dxe4 26. Rg1 Bf8 27. f5
Rd8 28. e6 e3 29. Qxc6 bxc6 30. f6 e2 31. e7 Rd1 32. e8=Q Rxg1+ 33. Kxg1 gxf6
34. Qxe2 1-0

[Event "I Festival Steinitz A"]
[Site "Roma ITA"]
[Date "2002.07.07"]
[Round "4"]
[White "Lava, Giovanni"]
[Black "Mrdja, Milan"]
[Result "0-1"]
[WhiteElo "2259"]
[BlackElo "2370"]
[PlyCount "88"]
[EventDate "2002.07.05"]

1. d4 d6 2. e4 Nf6 3. Nc3 e5 4. dxe5 dxe5 5. Qxd8+ Kxd8 6. Bc4 Be6 7. Bxe6 fxe6
8. Bg5 Bb4 9. O-O-O+ Ke7 10. Nge2 Nc6 11. f3 a6 12. Rd3 h6 13. Be3 b5 14. Nd1
Bd6 15. c3 g5 16. Nf2 Rag8 17. h3 Nh5 18. g4 Nf4 19. Bxf4 exf4 20. Rdd1 Ne5 21.
Ng1 h5 22. Nd3 Nc4 23. Ne2 e5 24. Kb1 Ne3 25. Rdg1 c5 26. b4 cxb4 27. cxb4 Rc8
28. gxh5 Rxh5 29. Rc1 Nc4 30. Ka1 Rch8 31. Ng1 R5h7 32. a4 Ke6 33. Rh2 Rd8 34.
Rg2 Kf6 35. axb5 axb5 36. Ra2 Rdd7 37. Rcc2 Kg6 38. Ra6 Kh5 39. Ne2 Bf8 40. Nc5
Rd1+ 41. Ka2 Rd2 42. Kb3 Rd8 43. Ne6 Rh6 44. Rc6 Re8 0-1

[Event "I Festival Steinitz A"]
[Site "Roma ITA"]
[Date "2002.07.07"]
[Round "4"]
[White "Lombardi, Raffaele"]
[Black "Gagliardi, Gaetano"]
[Result "1-0"]
[WhiteElo "1476"]
[BlackElo "1767"]
[PlyCount "47"]
[EventDate "2002.07.05"]

1. e4 c5 2. Nf3 Nc6 3. d4 cxd4 4. Nxd4 g6 5. Nc3 Bg7 6. Be3 Nf6 7. Be2 O-O 8.
O-O d5 9. exd5 Nxd5 10. Nxd5 Qxd5 11. c3 Nxd4 12. Bxd4 e5 13. Be3 Be6 14. Qc2
Bf5 15. Qa4 a6 16. Rad1 Qe4 17. Qa5 Qc2 18. Rd2 Qe4 19. Bf3 Qh4 20. Bxb7 Rad8
21. Rfd1 Rxd2 22. Rxd2 Be6 23. Qxa6 f5 24. Qxe6+ 1-0

[Event "I Festival Steinitz A"]
[Site "Roma ITA"]
[Date "2002.07.07"]
[Round "4"]
[White "Maddaloni, Giovanni"]
[Black "De Benedetti, Arnaldo"]
[Result "1-0"]
[WhiteElo "1547"]
[BlackElo "1494"]
[PlyCount "113"]
[EventDate "2002.07.05"]

1. e4 e5 2. Nf3 Nc6 3. Bb5 Nge7 4. d4 a6 5. Ba4 b5 6. Bb3 exd4 7. Ng5 Ne5 8.
Qxd4 N7c6 9. Qd5 Qf6 10. f4 Bb4+ 11. c3 Bc5 12. Rf1 Nb4 13. cxb4 Bxb4+ 14. Nc3
Nc6 15. Qxf7+ Qxf7 16. Bxf7+ Kf8 17. Bd5 Bb7 18. Be3 Na5 19. Bxb7 Nxb7 20.
O-O-O Nd6 21. Nd5 Nc4 22. Rf3 c6 23. Nxb4 h6 24. Nh3 a5 25. Nxc6 dxc6 26. Bc5+
Kf7 27. b3 Rhe8 28. e5 Nxe5 29. fxe5+ Kg6 30. Bd6 a4 31. b4 h5 32. Rdf1 Ra7 33.
Rf8 Rea8 34. e6 a3 35. e7 c5 36. Bxc5 Rxe7 37. Bxe7 Ra7 38. Bc5 Rc7 39. Nf4+
Kh6 40. Ne6 Rc6 41. Re8 Kg6 42. h4 Kh6 43. Ng5 Kg6 44. Re6+ Rxe6 45. Nxe6 Kh7
46. Nc7 Kh6 47. Nxb5 g5 48. Rf6+ Kg7 49. hxg5 h4 50. Nd6 h3 51. gxh3 Kg8 52. b5
Kg7 53. b6 Kh8 54. b7 Kg7 55. b8=Q Kh7 56. Rh6+ Kg7 57. Qh8# 1-0

[Event "I Festival Steinitz A"]
[Site "Roma ITA"]
[Date "2002.07.07"]
[Round "4"]
[White "Marini, Giulio"]
[Black "Romano, Ugo"]
[Result "1/2-1/2"]
[WhiteElo "1558"]
[BlackElo "1476"]
[PlyCount "45"]
[EventDate "2002.07.05"]

1. Nf3 g6 2. c4 Bg7 3. Nc3 Nc6 4. d4 d6 5. e4 Bd7 6. Be2 Nh6 7. Bf4 e5 8. Be3
O-O 9. Qd2 Ng4 10. d5 Nxe3 11. dxc6 Nxg2+ 12. Kf1 Bh3 13. cxb7 Rb8 14. Nd5 Rxb7
15. b3 Qd7 16. Ng5 Nf4+ 17. Ke1 Nxd5 18. cxd5 Bg4 19. h3 Bxe2 20. Qxe2 h6 21.
Nf3 Qb5 22. h4 Qxe2+ 23. Kxe2 1/2-1/2

[Event "I Festival Steinitz A"]
[Site "Roma ITA"]
[Date "2002.07.07"]
[Round "4"]
[White "Medori, Marco"]
[Black "Gardon, Ermanno"]
[Result "0-1"]
[WhiteElo "1723"]
[BlackElo "2108"]
[PlyCount "56"]
[EventDate "2002.07.05"]

1. e4 e5 2. Nf3 Nf6 3. Nxe5 d6 4. Nf3 Nxe4 5. d4 d5 6. Bd3 Bd6 7. O-O O-O 8. c4
c6 9. Nc3 Re8 10. Bxe4 dxe4 11. Ng5 Bf5 12. Qh5 Bg6 13. Qg4 f5 14. Qd1 Nd7 15.
c5 Bc7 16. Qb3+ Kh8 17. Qxb7 h6 18. Nh3 Re6 19. Bf4 Bxf4 20. Nxf4 Rf6 21. b4
Rb8 22. Qxa7 Rxb4 23. d5 Rc4 24. dxc6 Rxc6 25. Rfd1 Be8 26. Rab1 Rxc3 27. h3
R3xc5 28. Rb8 Qxb8 0-1

[Event "I Festival Steinitz A"]
[Site "Roma ITA"]
[Date "2002.07.07"]
[Round "4"]
[White "Pagano, Sergio M."]
[Black "Ljubisavljevic, Zivojin Z."]
[Result "1/2-1/2"]
[WhiteElo "2222"]
[BlackElo "2275"]
[PlyCount "101"]
[EventDate "2002.07.05"]

1. Nf3 c5 2. c4 Nc6 3. Nc3 e5 4. g3 f5 5. d3 d6 6. Bg2 Be7 7. Rb1 Nf6 8. O-O
O-O 9. a3 a5 10. Bg5 Qe8 11. Bxf6 Bxf6 12. Nb5 Qe7 13. e3 Be6 14. Ne1 Rad8 15.
Bd5 Bxd5 16. cxd5 Nb8 17. b4 axb4 18. axb4 cxb4 19. Rxb4 Na6 20. Rc4 Qd7 21.
Qb1 Rc8 22. Nc2 f4 23. exf4 exf4 24. Ncd4 Bxd4 25. Nxd4 Rxc4 26. dxc4 Nc5 27.
Kg2 Qf7 28. Qd1 Qf6 29. Nf3 h6 30. Qe2 fxg3 31. fxg3 Qc3 32. Nh4 Rxf1 33. Kxf1
Qf6+ 34. Qf2 Qa1+ 35. Qe1 Qf6+ 36. Qf2 Qe5 37. Ng6 Qe8 38. Qf5 Qf7 39. Nh4 g6
40. Qxf7+ Kxf7 41. Ke2 Kf6 42. Ke3 g5 43. Nf3 Nd7 44. Ke4 Nc5+ 45. Ke3 g4 46.
Nd4 Ke5 47. Ne2 Na4 48. Nc1 Nb2 49. Nd3+ Nxd3 50. Kxd3 h5 51. Kc3 1/2-1/2

[Event "I Festival Steinitz A"]
[Site "Roma ITA"]
[Date "2002.07.07"]
[Round "4"]
[White "Palermo, Stefano"]
[Black "Passerotti, Pierluigi"]
[Result "1-0"]
[WhiteElo "2066"]
[BlackElo "2284"]
[PlyCount "85"]
[EventDate "2002.07.05"]

1. e4 c5 2. Nf3 d6 3. d4 cxd4 4. Nxd4 Nf6 5. Nc3 a6 6. Bg5 e6 7. f4 Be7 8. Qf3
Qc7 9. O-O-O Nbd7 10. g4 b5 11. Bxf6 Nxf6 12. g5 Nd7 13. f5 Bxg5+ 14. Kb1 Ne5
15. Qh5 Qd8 16. fxe6 g6 17. Qe2 b4 18. exf7+ Kxf7 19. Nd5 Kg7 20. h4 Bxh4 21.
Bh3 Re8 22. Bxc8 Rxc8 23. Qh2 Rc4 24. Qxh4 Qxh4 25. Rxh4 Rxd4 26. Rxd4 Nf3 27.
Rxb4 Nxh4 28. Rb7+ Kh6 29. Rxh7+ Kg5 30. Nc3 Nf3 31. Ra7 Nd2+ 32. Kc1 Nxe4 33.
Nxe4+ Rxe4 34. Rxa6 Rd4 35. a4 Kf4 36. a5 g5 37. Ra8 g4 38. a6 Ra4 39. a7 Kg3
40. b3 Ra2 41. b4 Kg2 42. b5 g3 43. b6 1-0

[Event "I Festival Steinitz A"]
[Site "Roma ITA"]
[Date "2002.07.07"]
[Round "4"]
[White "Rakotoson, Ratefy"]
[Black "Quaglia, Ferdinando"]
[Result "0-1"]
[WhiteElo "1536"]
[BlackElo "1580"]
[PlyCount "94"]
[EventDate "2002.07.05"]

1. e4 c5 2. Nf3 Nc6 3. Bb5 d6 4. O-O Bd7 5. Nc3 a6 6. Be2 g6 7. d4 cxd4 8. Nxd4
Bg7 9. Be3 Nf6 10. Nf3 Ng4 11. Bd2 Nce5 12. Nxe5 Nxe5 13. Nd5 e6 14. Ne3 O-O
15. Kh1 Nc6 16. f4 b5 17. c3 Ne7 18. Qe1 f5 19. Bf3 Bc6 20. exf5 Bxf3 21. Rxf3
exf5 22. Nc2 Re8 23. Qe6+ Kh8 24. Rd3 Nc8 25. Qd5 Nb6 26. Qxd6 Qxd6 27. Rxd6
Nc4 28. Rd7 Nxb2 29. Nd4 Nc4 30. Be1 Rad8 31. Rxd8 Rxd8 32. Bf2 b4 33. Ne6 Bxc3
34. Rc1 Re8 35. Ng5 Re2 36. Kg1 Rxa2 37. Nf7+ Kg8 38. Ng5 Ra1 39. Rxa1 Bxa1 40.
Kf1 Bc3 41. Be1 Bxe1 42. Kxe1 b3 43. Kd1 a5 44. Ne6 a4 45. Nc5 b2 46. Kc2 a3
47. Nb3 a2 0-1